Arquitectura vegetal : la casa deshabitada y el fantasma del deseo /
James Edward (Escocia 1907 - Francia 1984), llegó a México en 1944. A lo largo de cuatro décadas construyó, en Xilitla, en la Huasteca potosina, edificaciones de acuerdo con principios surrealistas. Tales construcciones sirven de punto de partida para el análisis que se hace en este texto, el cual e...
Guardado en:
| Autor principal: | |
|---|---|
| Otros autores: | , |
| Formato: | Libro |
| Idioma: | Español |
| Publicado: |
México :
Artes de México : CONACULTA,
1997, c1997
|
| Colección: | (Libros de la Espiral ; Serie Ambitos)
4. |
| Temas: | |
| Etiquetas: |
Sin etiquetas, Sé el primero en etiquetar este registro!
|
MARC
| LEADER | 00000nam^a2200000^a^4500 | ||
|---|---|---|---|
| 001 | 000131043 | ||
| 005 | 20250521000000.0 | ||
| 009 | 20260310095009.264 | ||
| 020 | |a 968-6533-57-5 | ||
| 020 | |a 970-18-0352-3 | ||
| 037 | |a Acervo ITESO - Biblioteca | ||
| 041 | |a ESP | ||
| 082 | |a 808. 80357 |b LIB V. 4 | ||
| 100 | |a Andrade, Lourdes |e (autor) | ||
| 245 | 1 | 0 | |a Arquitectura vegetal : |b la casa deshabitada y el fantasma del deseo / |c L. Andrade ; il. de M. Sada ; fotografía de J. Vértiz. |
| 264 | 4 | |a México : |b Artes de México : |b CONACULTA, |c 1997, c1997 | |
| 300 | |a 79 p. | ||
| 336 | |a texto |b txt |2 rdacontenido | ||
| 337 | |a sin mediación |b n |2 rdamedio | ||
| 338 | |a volumen |b nc |2 rdasoporte | ||
| 440 | 1 | |a (Libros de la Espiral ; |v 4. |p Serie Ambitos) | |
| 520 | |a James Edward (Escocia 1907 - Francia 1984), llegó a México en 1944. A lo largo de cuatro décadas construyó, en Xilitla, en la Huasteca potosina, edificaciones de acuerdo con principios surrealistas. Tales construcciones sirven de punto de partida para el análisis que se hace en este texto, el cual explora, por una parte, la manera como la imaginación y concepciones de James cristalizan en los edificios que levantó; e indaga, también, en la interrelación entre literaruta y espacio arquitectónico. | ||
| 649 | |a XX | ||
| 650 | |a Arquitectos Ingleses | ||
| 650 | |a Artistas Ingleses | ||
| 650 | |a Surrealismo | ||
| 650 | |a Castillos - |z Xilitla, San Luis Potosí | ||
| 650 | |a Castillos - |z San Luis Potosí | ||
| 650 | |a Castillos - |z México | ||
| 650 | |a Arquitectura Mexicana - |z Xilitla, San Luis Potosí | ||
| 650 | |a Arquitectura Mexicana - |y Siglo XX | ||
| 650 | |a Arquitectura Mexicana - |x Historia y Crítica | ||
| 650 | |a Arquitectura y Literatura - |x Historia y Crítica | ||
| 650 | |a Arte Mexicano | ||
| 650 | |a Xilitla, San Luis Potosí - |x Descripción | ||
| 650 | |a San Luis Potosí - |x Descripción | ||
| 650 | |a México - |x Descripción | ||
| 650 | |a James, Edward | ||
| 650 | |a Literatura - |x Historia y Crítica | ||
| 700 | |a Sada, María |e (ilustración) | ||
| 700 | |a Vértiz, Jorge |e (fotógrafo) | ||
| 910 | |a Fondo General | ||
| 920 | |a Impresos - Libros | ||
| 930 | |a Reserva Especial | ||
| 940 | |a Literatura | ||
| 905 | |a 103 | ||
| 901 | |a 0500013915 |b IT1 |c REE |u 20250521 | ||
| 902 | |a https://opac.biblio.iteso.mx/vufind/Record/000131043 | ||